Generación de modelos de negocio: un manual para visionarios, revolucionarios y retadores
Guardat en:
| Autor principal: | |
|---|---|
| Altres autors: | |
| Format: | Llibre |
| Publicat: |
Barcelona, España:
Deusto,
2013.
|
| Edició: | Séptima edición. |
| Matèries: | |
| Etiquetes: |
Afegir etiqueta
Sense etiquetes, Sigues el primer a etiquetar aquest registre!
|
MARC
| LEADER | 00000nam a22000007a 4500 | ||
|---|---|---|---|
| 003 | CL-VaPUC | ||
| 005 | 20240910161146.0 | ||
| 008 | 240910t2013 ||||| |||| 00| 0 eng d | ||
| 999 | |c 444713 |d 444711 | ||
| 020 | |a 978-8423427994 | ||
| 040 | |c Pontificia Universidad Católica de Valparaíso | ||
| 082 | 0 | 4 | |a 658.404 OST 2013 |2 21 |
| 100 | |a Osterwalder, Alexander |e autor |9 866511 | ||
| 245 | 1 | 0 | |a Generación de modelos de negocio: un manual para visionarios, revolucionarios y retadores |
| 250 | |a Séptima edición. | ||
| 260 | |a Barcelona, España: |b Deusto, |c 2013. | ||
| 300 | |a 278 páginas. | ||
| 583 | |a last modification |c 20240910 |k GC | ||
| 650 | 0 | |a Modelos de negocio |9 565102 | |
| 650 | 0 | |a Negocios |9 262468 | |
| 650 | 0 | |a Toma de decisiones |9 257530 | |
| 700 | 0 | |a Pigneur, Yves |e autor |9 565101 | |
| 942 | |c BK |2 ddc | ||
| 952 | |0 0 |1 0 |3 erb |4 0 |6 658_404000000000000_OST_2013 |7 0 |8 R |9 452356 |a BIBENE |b BIBENE |i 5063132 |l 1 |m 1 |o 658.404 OST 2013 |p 5063132 |r 2025-04-08 |s 2025-04-03 |w 2019-11-22 |y BK_R |z Catalogado en:20140324 |k ICO | ||
| 952 | |0 0 |1 0 |3 erb |4 0 |6 658_404000000000000_OST_2013 |7 0 |8 R |9 452357 |a BIBENE |b BIBENE |i 5063140 |l 2 |o 658.404 OST 2013 |p 5063140 |r 2025-01-15 |s 2024-03-19 |w 2019-11-22 |y BK_R |z Catalogado en:20140324 |k ICO | ||
| 952 | |0 0 |1 0 |3 erb |4 0 |6 658_404000000000000_OST_2013 |7 0 |8 R |9 452358 |a BIBENE |b BIBENE |i 5063159 |l 1 |o 658.404 OST 2013 |p 5063159 |r 2025-01-15 |s 2023-05-15 |w 2019-11-22 |y BK_R |z Catalogado en:20140324 |k ICO | ||
| 952 | |0 0 |1 0 |3 erb |4 0 |6 658_404000000000000_OST_2013 |7 0 |8 R |9 452359 |a BIBENE |b BIBENE |i 5063167 |l 4 |o 658.404 OST 2013 |p 5063167 |r 2025-05-05 |s 2025-05-05 |w 2019-11-22 |y BK_R |z Catalogado en:20140324 |k ICO | ||
| 952 | |0 0 |1 0 |3 erb |4 0 |6 658_404000000000000_OST_2013 |7 0 |8 R |9 452360 |a BIBENE |b BIBENE |i 5063175 |l 2 |o 658.404 OST 2013 |p 5063175 |r 2025-01-15 |s 2023-09-05 |w 2019-11-22 |y BK_R |z Catalogado en:20140324 |k ICO | ||